เปลี่ยนเป็นภาษาไทย

Change to English
 แสดงรายละเอียดบรรณานุกรม
  กลับหน้าหลัก

Brief Record : Get Marc (ISO 2709) : E-mail record : QR code กลับ
E-books : เกี่ยวกับ Collections
LEADER 00000nam 2200000uu 4500
001    13399128776
003     BCNR
008    170217s2567 th a 000 0 tha d
020    ^a9786161627249
041    ^atha
060 04 ^aQU145^bอ884 2567
245 00 ^aเอกสารการสอนชุดวิชา ชีวเคมี โภชนศาสตร์ และโภชนบำบัดสำหรับพยาบาล หน่วยที่ 1 - 5 =^bBiochemistry, nutrition and diet therapy for nurses /^cสาขาวิชาพยาบาลศาสตร์ มหาวิทยาลัยสุโขทัยธรรมาธิราช
246 30 ^aชีวเคมี โภชนศาสตร์ และโภชนบำบัดสำหรับพยาบาล
246 31 ^aBiochemistry, nutrition and diet therapy for nurses
250    ^aพิมพ์ครั้งที่ 5
260    ^aนนทบุรี :^bสำนักพิมพ์มหาวิทยาลัยสุโขทัยธรรมาธิราช,^c2567
300    ^a3 เล่ม :^bภาพประกอบ, ตาราง ;^c26 ซม.
500    ^aเอกสารการสอนชุดวิชา 51107 หน่วยที่ 1-5, 6-10, 11-15
505 0  ^aหน่วยที่ 1 ความรู้พื้นฐานของโภชนาการสำหรับพยาบาล -- หน่วยที่ 2 คาร์โบไฮเดรต โปรตีน ลิพิดและกรดนิวคลีอิก -- หน่วยที่ 3 น้ำ วิตามิน และแร่ธาตุ -- หน่วยที่ 4 ระบบย่อยอาหาร -- หน่วยที่ 5 พลังงานจากอาหารในการดำรงชีวิต
650  4 ^aโภชนบำบัด
650  4 ^aโภชนาการ
650  4 ^aวิตามิน
650  4 ^aอาหาร
650  4 ^aชีวเคมี
710 2  ^aมหาวิทยาลัยสุโขทัยธรรมาธิราช. ^bสาขาวิชาพยาบาลศาสตร์
999    ^aบรรณารักษ์
รายการนี้ยังไม่มีแท็ก
คุณยังไม่ได้ล็อกอิน คุณสามารถมีกิจกรรมร่วมกับเว็บไซต์ได้ แต่ต้องล็อกอินก่อน ::
  ล็อกอิน
ลำดับที่ ประเภท เลขเรียก/บาร์โค้ด สถานที่ สถานะ
1. หนังสือ
หนังสือ
QU145 อ884 2567 c.1 
  Barcode: 087632
ห้องสมุดสาขาหลัก
►หนังสือทั่วไป
On Shelf
2. หนังสือ
หนังสือ
QU145 อ884 2567 c.2 
  Barcode: 087633
ห้องสมุดสาขาหลัก
►หนังสือทั่วไป
On Shelf
3. หนังสือ
หนังสือ
QU145 อ884 2567 c.3 
  Barcode: 087634
ห้องสมุดสาขาหลัก
►หนังสือทั่วไป
On Shelf
4. หนังสือ
หนังสือ
QU145 อ884 2567 c.4 
  Barcode: 087635
ห้องสมุดสาขาหลัก
►หนังสือทั่วไป
On Shelf
5. หนังสือ
หนังสือ
QU145 อ884 2567 c.5 
  Barcode: 087636
ห้องสมุดสาขาหลัก
►หนังสือทั่วไป
On Shelf
6. หนังสือ
หนังสือ
QU145 อ884 2567 c.6 
  Barcode: 087637
ห้องสมุดสาขาหลัก
►หนังสือทั่วไป
On Shelf
7. หนังสือ
หนังสือ
QU145 อ884 2567 c.7 
  Barcode: 087638
ห้องสมุดสาขาหลัก
►หนังสือทั่วไป
On Shelf
8. หนังสือ
หนังสือ
QU145 อ884 2567 c.8 
  Barcode: 087639
ห้องสมุดสาขาหลัก
►หนังสือทั่วไป
On Shelf
9. หนังสือ
หนังสือ
QU145 อ884 2567 c.9 
  Barcode: 087640
ห้องสมุดสาขาหลัก
►หนังสือทั่วไป
On Shelf
10. หนังสือ
หนังสือ
QU145 อ884 2567 c.10 
  Barcode: 087641
ห้องสมุดสาขาหลัก
►หนังสือทั่วไป
On Shelf
   [แสดง 10/10 รายการ]

รายการใกล้เคียง
    หัวเรื่อง [โภชนบำบัด]
    หัวเรื่อง [โภชนาการ]
    หัวเรื่อง [วิตามิน]
    หัวเรื่อง [อาหาร]
    หัวเรื่อง [ชีวเคมี]

BibComment


ยังไม่เคยถูกคอมเมนท์

คอมเมนท์ทรัพยากรรายการนี้
  คอมเมนท์: เอกสารการสอนชุดว..
Bib 13399128776

 
 
 

 Union Library Management : ULibM
Copyright 2026. All Rights Reserved.